Englands wirtschaftliche Entwickelung im Ausgange des Mittelalters, (Record no. 23641)
[ view plain ]
| 000 -LEADER | |
|---|---|
| fixed length control field | 00751cam a22002291 4500 |
| 001 - CONTROL NUMBER | |
| control field | g 01001067 |
| 003 - CONTROL NUMBER IDENTIFIER | |
| control field | DLC |
| 005 - DATE AND TIME OF LATEST TRANSACTION | |
| control field | 20260227111253.0 |
| 008 - FIXED-LENGTH DATA ELEMENTS--GENERAL INFORMATION | |
| fixed length control field | 830125s1879 gw b 000 0 ger |
| 010 ## - LIBRARY OF CONGRESS CONTROL NUMBER | |
| LC control number | g 01001067 |
| 035 ## - SYSTEM CONTROL NUMBER | |
| System control number | (OCoLC)9161271 |
| 040 ## - CATALOGING SOURCE | |
| Original cataloging agency | DLC |
| Transcribing agency | ICIU |
| Modifying agency | ICIU |
| -- | DLC |
| 042 ## - AUTHENTICATION CODE | |
| Authentication code | premarc |
| 043 ## - GEOGRAPHIC AREA CODE | |
| Geographic area code | e-uk--- |
| 050 00 - LIBRARY OF CONGRESS CALL NUMBER | |
| Classification number | HC254 |
| Item number | .O16 |
| 100 1# - MAIN ENTRY--PERSONAL NAME | |
| Personal name | Ochenkowski, Władyslaw von, |
| Dates associated with a name | 1840-1908. |
| 245 10 - TITLE STATEMENT | |
| Title | Englands wirtschaftliche Entwickelung im Ausgange des Mittelalters, |
| Statement of responsibility, etc. | von W.v. Ochenkowski. |
| 260 ## - PUBLICATION, DISTRIBUTION, ETC. | |
| Place of publication, distribution, etc. | Jena, |
| Name of publisher, distributor, etc. | G. Fischer, |
| Date of publication, distribution, etc. | 1879. |
| 300 ## - PHYSICAL DESCRIPTION | |
| Extent | xiii, 261 p. |
| Dimensions | 22 cm. |
| 500 ## - GENERAL NOTE | |
| General note | "Reichs- und städtische Urkundensammlungen, welche als Quellen benutzt wurden": p. [ix] |
| 651 #0 - SUBJECT ADDED ENTRY--GEOGRAPHIC NAME | |
| Geographic name | Great Britain |
| General subdivision | Economic conditions. |
No items available.